00429nam a2200157Ia 4500008004100000020001800041041000800059082002100067100001600088245009800104250001200202260001600214300000800230365001700238700001600255230718s9999 xx 000 0 und d a9781788621199 aeng a005.13'3074bTAT aTattar P.N. aStatistical Application Development With R And PythonbPower Of Statistics Using R And Python a2nd ed. c2017bPackt a405 cRs.b1199.00 aTattar P.N.